Strategies for Managing Knowledge Resources : Promoting Research, Education and Skills NACLIN 2005 [electronic resource : conference proceedings] Proceedings held from August, 22-25, 2005 at PES Institute of Technology, Bangalore (Record no. 204120)

MARC details
000 -LEADER
fixed length control field 00688nam a2200145Ia 4500
008 - FIXED-LENGTH DATA ELEMENTS--GENERAL INFORMATION
fixed length control field 231221s9999 xx 000 0 und d
041 ## - LANGUAGE CODE
Language code of text/sound track or separate title English
100 ## - MAIN ENTRY--PERSONAL NAME
Personal name Kaul, H K, ed., DELNETSen, Gayathri, ed., PESIT
245 #0 - TITLE STATEMENT
Title Strategies for Managing Knowledge Resources : Promoting Research, Education and Skills NACLIN 2005 [electronic resource : conference proceedings] Proceedings held from August, 22-25, 2005 at PES Institute of Technology, Bangalore
260 ## - PUBLICATION, DISTRIBUTION, ETC.
Date of publication, distribution, etc. 2005/08
Name of publisher, distributor, etc. DELNET/PESIT
Place of publication, distribution, etc. Bangalore
510 ## - CITATION/REFERENCES NOTE
Name of source Library and Information Networking Invited Talks delivered during NACLIN 2005
650 ## - SUBJECT ADDED ENTRY--TOPICAL TERM
Topical term or geographic name entry element Knowledge Resources
650 ## - SUBJECT ADDED ENTRY--TOPICAL TERM
Topical term or geographic name entry element NACLIN,2005,:,Invited,Talks
942 ## - ADDED ENTRY ELEMENTS (KOHA)
Koha item type Digital Library
Holdings
Date last seen Total checkouts Accession number Uniform resource identifier Price effective from Category Lost status Damaged status Department Withdrawn status Home library Current library Shelving location Entry date Grants Billdate Currency symbol Conversion rate Discount Old discount
26/01/2024   DL240 /digital/Confpro/dl240/dl240Index1.htm 26/01/2024 Digital Library     Central Library   Central Library Central Library Central Library   LIB 23/12/2009 RS 1    

© For any Suggestions or Query, please contact the library staff @ librarian@pes.edu or Phone: +9180 2672 1983/ 2108.